000 00550nam a2200193 i 4500
001 bg
100 1 _aTOMASZEWSKI, Karol
245 0 _aRoboty przemysłowe :
_bprojektowanie układów mechanicznych /
_cKarol Tomaszewski.
260 _aWarszawa :
_bWydawnictwa Naukowo-Techniczne,
_c1993.
300 _a292 s. :
_brys., wykr. ;
_c24 cm.
504 _aBibliogr. s. 282-292.
020 _a8320416906
040 _cBPK
041 _apol
080 _a681.5:621
920 _a83-204-1690-6
942 _cKS
008 s pl f |000 0 pol
999 _c6474
_d6474
856 _uhttp://koha.tu.koszalin.pl/cgi-bin/koha/opac-detail.pl?biblionumber=6474
_yKatalog online BPK